000 00737nam a2200253Ia 4500
003 OSt
005 20220925212450.0
006 a|||||r|||| 00| 0
007 ta
008 220923b |||||||| |||| 00| 0 eng d
037 _cGeneral Book
040 _aRTL
_cRTL
_beng
041 _2eng
_aeng
082 _aU481.3.N8, M6
100 _aThomas Andrew D
_9276849
245 0 _aHousing and urban renewal
_b Residential decay and
260 _aLondon
_bAllen & Unwin U K
_c1986
300 _ax,225p
_ccm.
490 _aUrban And Regional Studies. 12
500 _aBibliography: P 205-19
650 _aHuman Geography
_91464
942 _hU481.3.N8, M6
_cGB
_2CC
999 _c560446
_d560446